Sports Quiz

Random Sports or World Quiz
Score 0/23 Timer 06:00
5 Plays Today
Position Player % Correct
StrikerWayne Rooney
95.7%
MidfielderSteven Gerrard
90%
MidfielderFrank Lampard
89.5%
DefenderJohn Terry
87%
DefenderAshley Cole
85.5%
MidfielderJoe Cole
84.6%
GoalkeeperRobert Green
82%
GoalkeeperJoe Hart
77.2%
GoalkeeperDavid James
75.7%
StrikerPeter Crouch
74%
StrikerJermaine Defoe
69%
DefenderGlen Johnson
67.9%
Position Player % Correct
StrikerEmile Heskey
63%
MidfielderGareth Barry
53.5%
MidfielderJames Milner
52.7%
MidfielderAaron Lennon
49.9%
DefenderJamie Carragher
49.7%
MidfielderMichael Carrick
47.1%
DefenderLedley King
44.8%
DefenderMatthew Upson
44.8%
MidfielderShaun Wright-Phillips
40.3%
DefenderMichael Dawson
36.1%
DefenderStephen Warnock
25.6%
Remove Ads.
Support Sporcle.
Get the best of Sporcle when you Go Orange. This ad-free experience offers more features, more stats, and more fun while also helping to support Sporcle. Thank you for becoming a member.

You're not logged in!

Compare scores with friends on all Sporcle quizzes.
OR
Log In

Sporcle TV

Today on Sporcle TV


Watch our educational content, quiz creation guides, and fun videos on Sporcle TV.

Show Comments

Extras

Top Quizzes Today


Score Distribution

Paid Content

Your Account Isn't Verified!

In order to create a playlist on Sporcle, you need to verify the email address you used during registration. Go to your Sporcle Settings to finish the process.

Report this User

Report this user for behavior that violates our Community Guidelines.

Details: